Internet jako nástroj marketingové komunikace
Marketingová komunikácia pomocou internetu, ktorá umožňuje interaktívne zapojenie príjemcov, multimediálne využitie a globálne geografické pokrytie. Nízke produkčné náklady na reklamu a propagáciu ako výhoda internetu. Elektronizácia v oblasti marketingu. Formy elektronického marketingu. Webmarketin...
Saved in:
| Main Author: | |
|---|---|
| Format: | Book Chapter |
| Language: | Czech |
| Subjects: | |
| Tags: |
No Tags, Be the first to tag this record!
|
MARC
| LEADER | 00000naa$a2200000$$$4500 | ||
|---|---|---|---|
| 001 | 0058452 | ||
| 005 | 20231128135031.5 | ||
| 041 | 0 | |a cze | |
| 044 | |a CZ | ||
| 245 | 1 | 0 | |a Internet jako nástroj marketingové komunikace |c Eva Mihaliková |
| 520 | |a Marketingová komunikácia pomocou internetu, ktorá umožňuje interaktívne zapojenie príjemcov, multimediálne využitie a globálne geografické pokrytie. Nízke produkčné náklady na reklamu a propagáciu ako výhoda internetu. Elektronizácia v oblasti marketingu. Formy elektronického marketingu. Webmarketing. | ||
| 610 | 2 | 0 | |a marketing |
| 610 | 2 | 0 | |a komunikácia marketingová |
| 610 | 2 | 0 | |a internet |
| 610 | 2 | 0 | |a obchod elektronický |
| 610 | 2 | 0 | |a pošta elektronická |
| 610 | 2 | 0 | |a reklama |
| 610 | 2 | 0 | |a organizácie |
| 610 | 2 | 0 | |a informácie |
| 100 | 1 | |a Mihaliková, Eva | |